| 000 | 00974nam a2200229 a 4500 | ||
|---|---|---|---|
| 001 | 000120853 | ||
| 003 | AM-YEHGA | ||
| 005 | 20250617122534.0 | ||
| 008 | 991017s1990 ru ||||gr|||||||||0|rus|d | ||
| 020 | _a5020296147 | ||
| 040 | _aAM-YeHGA | ||
| 041 | 0 | _arus | |
| 100 | 1 | _aБалабанов, Павел Иванович | |
| 245 | 1 | 0 |
_aМетодологические проблемы проектировочной деятельности / _cП.И. Балабанов ; Отв. ред. В.В. Чешев ; АН СССР. СО, Томский научный центр. Кафедра философии. |
| 260 |
_aНовосибирск : _bНаука. Сиб. отд-ние, _c1990. |
||
| 300 | _a200 с. | ||
| 650 | 1 | 4 | _aОбщетехнические дисциплины |
| 700 | 1 |
_aЧешев, Владислав Васильевич _eред. |
|
| 710 | 2 | _aАН СССР. Томский научный центр | |
| 942 |
_2udc _cBK |
||
| 090 | _c40122 | ||
| 999 |
_c39482 _d39482 |
||